Najpopularniejsze Imiona Dziewczynek Urodzonych w 2018 - Statystyki

Ogólne statystyki
  • Ten quiz został rozwiązany 1 500 razy
  • Średni wynik to 8 z 14
Statystyki odpowiedzi
Lp. Liczba dzieci Imię % Poprawnych
2. 8468 Julia
82%
1. 8866 Zuzanna
72%
11. 4428 Aleksandra
70%
12. 4248 Wiktoria
66%
4. 7928 Zofia
64%
8. 5442 Maria
63%
10. 5058 Oliwia
58%
3. 8033 Maja
57%
6. 7650 Lena
56%
5. 7723 Hanna
52%
9. 5310 Amelia
48%
7. 5759 Alicja
45%
14. 3928 Laura
37%
13. 3995 Emilia
36%
Nie znaleziono quizów pasujących do podanych kryteriów
Rozkład punktacji
Procent ludzi z każdym wynikiem
Percentyl według liczby udzielonych odpowiedzi
Twoja historia wyników
Nie rozwiązałeś tego quizu